THE QUANTITATIVE ANALYSIS OF DRUGS (Record no. 270001)

MARC details
000 -LEADER
fixed length control field 00340pam a2200133a 44500
008 - FIXED-LENGTH DATA ELEMENTS--GENERAL INFORMATION
fixed length control field 230405s2008 xxu||||| |||| 00| 0 eng d
041 ## - LANGUAGE CODE
Language code of text/sound track or separate title ENG
100 ## - MAIN ENTRY--PERSONAL NAME
Personal name GARRATT D C
245 ## - TITLE STATEMENT
Title THE QUANTITATIVE ANALYSIS OF DRUGS
250 ## - EDITION STATEMENT
Edition statement 3
260 ## - PUBLICATION, DISTRIBUTION, ETC.
Place of publication, distribution, etc. NEW YORK
Name of publisher, distributor, etc. WILEY INTERSCIENCE PUBLICATION NEW YORK
Date of publication, distribution, etc. 2008
300 ## - PHYSICAL DESCRIPTION
Extent 925
906 ## - LOCAL DATA ELEMENT F, LDF (RLIN)
a 4562
Holdings
Withdrawn status Lost status Damaged status Not for loan Collection Home library Current library Date acquired Source of acquisition Cost, normal purchase price Total Checkouts Full call number Barcode Date last seen Price effective from Koha item type
          College of Pharmacy, Kolhapur College of Pharmacy, Kolhapur 14/04/2023 SAI BOOK CENTRE 458.00   -615.19015 PCK-M-2631 14/04/2023 14/04/2023 Book